San Pedro y sus sucesores /

Guardado en:
Bibliografiske detaljer
Hovedforfatter: Schellhorn, Maurus (autor)
Andre forfattere: Blancafort, Manuel (traducción) (traducción)
Format: Bog
Sprog:spansk
Udgivet: Barcelona, España : Plaza y Janés, 1961, c1961
Tags: Tilføj Tag
Ingen Tags, Vær først til at tagge denne postø!

MARC

LEADER 00000nam^a2200000^a^4500
001 000559445
005 20250526000000.0
009 20260310131842.704
037 |a Acervo ITESO - Biblioteca 
041 |a ESP 
091 |a FHA. 02345 
100 |a Schellhorn, Maurus  |e (autor) 
245 1 0 |a San Pedro y sus sucesores / 
264 4 |a Barcelona, España :  |b Plaza y Janés,  |c 1961, c1961 
300 |a 424 p. ;  |c 22.5 cm. 
336 |a texto  |b txt  |2 rdacontenido 
337 |a sin mediación  |b n  |2 rdamedio 
338 |a volumen  |b nc  |2 rdasoporte 
515 |a Inventario familia Hartung: 3197 
649 |a XX 
700 |a Blancafort, Manuel  |e (traducción) 
910 |a Fondo Horst Hartung Franz 
920 |a Impresos - Libros 
930 |a Libros Antiguos y Raros 
905 |a 135 
901 |a 0500334439  |b IT2  |c LRA  |i D  |u 20250526 
902 |a https://opac.biblio.iteso.mx/vufind/Record/000559445